International encyclopedia of environmental politics (Record no. 217815)

MARC details
000 -LEADER
fixed length control field 00703nam a2200217Ia 4500
008 - FIXED-LENGTH DATA ELEMENTS--GENERAL INFORMATION
fixed length control field 191130s2001##################000#0#eng##
020 ## - INTERNATIONAL STANDARD BOOK NUMBER
ISBN 9780415202855
082 ## - DEWEY DECIMAL CLASSIFICATION NUMBER
Classification number 363.7056 BAR
245 ## - TITLE STATEMENT
Title International encyclopedia of environmental politics
Statement of responsibility, etc edited by John Barry and E. Gene Frankland
260 ## - PUBLICATION, DISTRIBUTION, ETC. (IMPRINT)
Place of publication London ; New York
Name of publisher Routledge
Year of publication 2001
300 ## - PHYSICAL DESCRIPTION
Number of Pages xxvii, 513 p. : ill. ; 26 cm
500 ## - GENERAL NOTE
General note Includes bibliographical references and index
650 ## - SUBJECT ADDED ENTRY--TOPICAL TERM
Topical Term Environmental policy - Encyclopedias
700 ## - ADDED ENTRY--PERSONAL NAME
Personal name Barry, John
Personal name Frankland, E. Gene
991 ## -
-- 322240
Holdings
Withdrawn status Lost status Damaged status Not for loan Home library Current library Date acquired Full call number Accession Number Price effective from Koha item type
        Anna Centenary Library Anna Centenary Library 13.10.2020 363.7056 BAR 258533 13.10.2020 English Books

Find us on the map